Préfectures de France : Chartres - Statistiques

Statistiques générales
  • Ce quiz a été pris 38 fois
  • Le résultat moyen est 14 sur 25
Statistiques - réponses
Question Réponse % Correct
La ville est contournée par l'/le/la Eure
100%
Quel numéro porte celui-ci ? 28
97%
De quel département est-ce la préfecture ? Eure-et-Loir
97%
A quelle région administrative appartient la ville depuis 2015 ? Centre-Val-de-Loire
82%
Comment se nomment ses habitants ? Chartrains
82%
Quelles sont les sous-préfectures qui en dépendent ? Dreux
82%
L'aéroport le plus proche est Paris-Orly | Paris | Orly
76%
Quelles sont les sous-préfectures qui en dépendent ? Châteaudun
74%
La ville au coeur de la plaine de la Beauce
71%
Les communes limitrophes dont le nom commence par L sont Lucé
71%
Quelles sont les sous-préfectures qui en dépendent ? Nogent-le-Rotrou
68%
La ville appartient à l'académie de/d' Orléans-Tours
68%
Les communes limitrophes dont le nom commence par L sont Luisant
65%
Les communes limitrophes dont le nom commence par L sont Lèves
62%
La couleur principale de fond de son blason est le/l' rouge
53%
La ville appartient au diocèse de/d' Chartres
50%
Les communes limitrophes dont le nom commence par L sont Le Coudray
47%
La cathédrale est dédiée à Notre-Dame | Vierge
47%
Le peuple gaulois qui l'occupe est celui des Carnutes
18%
Le blason est orné de trois Fleurs de lys | Deniers
15%
Ville péruvienne jumelée avec la ville Cuzco
12%
Les évangélisateurs de Chartres sont (prénom) Altin
6%
Les Romains appellent la ville Autricum
6%
Les évangélisateurs de Chartres sont (prénom) Eodald
6%
Il attaque la ville en 743 et la détruit Hunald | Duc d'Aquitaine
6%
Aucun quiz correspondant
Distribution des résultats
% des personnes avec chaque résultat
Percentile par nombre de réponses
Votre historique - résultats
Vous n’avez pas pris ce quiz